000 00499nam a2200169 i 4500
001 90231
003 ES-MaACL
005 20230906180404.0
008 050119s1970 xxu |||| | spa d
100 1 _aLedesma, Moisés.
_971147
245 1 0 _aFábulas y cuentos /
_cMoisés Ledesma.
260 _a[Nueva York] :
_bLas Americas Publishing Company,
_c[1970]
300 _a165 p. ;
_c21 cm.
650 4 _aLectura-
_vLibros escolares.
_914067
852 _aES-MaACL
_jG-757
852 _aES-MaACL
_jC-39538
999 _c90231
_d90231